[Event "Bad Soden op U18"]
[Site "Bad Soden"]
[Date "2019.10.04"]
[Round "4"]
[White "Murmann, Jonas"]
[Black "Mehl, Florian"]
[Result "1-0"]
[WhiteElo "1394"]
[BlackElo "983"]
[PlyCount "55"]
[EventDate "2019.10.03"]
[EventType "swiss"]
[EventRounds "9"]
[EventCountry "GER"]
[SourceTitle "EXT 2020"]
[Source "ChessBase"]
[SourceDate "2019.10.17"]
[SourceVersion "1"]
[SourceVersionDate "2019.10.17"]
[SourceQuality "1"]

1. c4 e6 2. Nc3 Nf6 3. g3 d5 4. cxd5 exd5 5. Bg2 g6 6. d4 Bg7 7. Nf3 0-0 8. 0-0 Re8 9. Bf4 a6 10. Qd2 Nc6 11. Ne5 Bf5 12. Rfe1 Ne4 13. Nxc6 bxc6 14. Nxe4 Bxe4 15. Bh6 Bh8 16. h4 Qf6 17. e3 Qd6 18. Rac1 Rab8 19. b3 Re6 20. Bh3 Bf5 21. Bxf5 gxf5 22. Bf4 Qb4 23. Qxb4 Rxb4 24. Bxc7 Bf6 25. Rc2 Kg7 26. Rec1 Rb7 27. Rxc6 Rxc6 28. Rxc6 1-0

[Event "Bad Soden U14 op"]
[Site "Bad Soden"]
[Date "2017.10.02"]
[Round "6"]
[White "Edelmann, Anastasija"]
[Black "Murmann, Jonas"]
[Result "0-1"]
[WhiteElo "956"]
[BlackElo "916"]
[PlyCount "60"]
[EventDate "2017.09.30"]
[EventType "swiss"]
[EventRounds "9"]
[EventCountry "GER"]
[SourceTitle "EXT 2019"]
[Source "ChessBase"]
[SourceDate "2018.10.10"]
[SourceVersion "1"]
[SourceVersionDate "2018.10.10"]
[SourceQuality "1"]

1. e4 e6 2. Nf3 d5 3. Nc3 Bd7 4. d4 c5 5. Bf4 Nc6 6. exd5 exd5 7. Nxd5 Be6 8. c4 Bxd5 9. cxd5 Qxd5 10. Be2 cxd4 11. 0-0 Nf6 12. Bb5 Bd6 13. Bxc6+ bxc6 14. Nxd4 Bxf4 15. Ne2 Be5 16. Rb1 Qxa2 17. Re1 0-0 18. f4 Bxb2 19. Qd2 Rab8 20. Nc3 Rfd8 21. Qc2 Qa3 22. Nd1 Bd4+ 23. Nf2 Qc5 24. Qa2 Bxf2+ 25. Qxf2 Qxf2+ 26. Kxf2 Rd2+ 27. Kg1 Rxb1 28. Rxb1 g6 29. Rc1 Ne4 30. Rc4 Rd1# 0-1